Paru dobrych slov do uzlyka na puť

Bibliographic Details
Main Author: Suchý, Štefan, 1946- (Author)
Format: Article
Language:Ukrainian
Subjects:

MARC

LEADER 00000nab a2200000 a 4500
001 vtls000556754
003 SK-MaSNL
005 20260319074719.0
008 180331c1995 xo 0 ukr
015 |a SNBRB19rr/mm-uuuuu 
035 |a CL0556892 
040 |a SNKBUCL  |b slo  |c SNKBUCL  |e AACR2 
041 0 |a ukr 
044 |a xo  |c SK 
080 |a 05"540.1"(059):75/82  |2 1981 
080 |a 75/82:05"540.1"(059)  |2 1981 
080 |a 07.48  |2 1981 
100 1 |a Suchý, Štefan,  |d 1946-  |4 aut  |9 93770 
245 1 0 |a Paru dobrych slov do uzlyka na puť  |c Štefan Suchyj 
650 0 7 |a Pozdravlinja rusyniv na 1995 rik (mesačník)  |2 snkbucl  |9 997746 
650 0 7 |a Narodny novynky (noviny)  |2 snkbucl  |9 997747 
655 7 |a články z novín a časopisov  |2 snkbucl  |9 267496 
655 7 |a články z odboru literárna veda a krásna literatúra  |2 snkbucl  |9 770045 
773 0 |t Narodny novynky  |g Roč. 4, č. 21-22 (1995), s. 3 
773 0 |t [Príl.] Pozdravlinja rusyniv na 1995 rik  |g Roč. 1, č. 1 (1995), s. 1 
850 |a Slovenská národná knižnica v Martine  |a POA001 
852 |a SNK  |b KIS3GCP 
958 |a NX 
958 |a RK 
958 |a LX 
958 |a RN 
992 |a RBX 
999 |c 1611348  |d 1613278